000 00805nam a2200229Ia 4500
003 OSt
005 20220926044926.0
006 a|||||r|||| 00| 0
007 ta
008 220923b |||||||| |||| 00| 0 eng d
037 _cGeneral Book
040 _aRTL
_cRTL
_beng
041 _2eng
_aeng
082 _aV231-224-212: Z,2,93.N67t, GD
110 _aIndia, Maharashtra-Mysore-Kerala Boundry Dispute ( commission on--). ( 1967) (Chairman: Mahar Chand Mahajan)
_9349559
245 0 _aReport.2V
300 _a200p,322p
_ccm.
650 _aHistory of Bombay
700 _aIndia, Maharashtra-Mysore-Kerala Boundry Dispute ( commission on--). ( 1967) (Chairman: Mahar Chand Mahajan)
_9349560
942 _hV231-224-212: Z,2,93.N67t, GD
_cGB
_2CC
999 _c676172
_d676172